000
00336 a2200157 4500
001
182953
020
_a
040
_c
Magnum
100
_a
Rizzini, Carlos Toledo
240
1
0
_a
O homem e sua felicidade
_l
por
245
1
0
_a
O homem e sua felicidade
300
_a
247
362
0
_a
1994
697
_a
LITERATURA GERAL
942
_c
BK
999
_c
182953
_d
182953